000 00668cam a2200217 4500500
005 20260329005702.0
041 _afre
042 _adc
100 1 0 _aPastorini, Chiara
_eauthor
245 0 0 _a“Pourquoi je ne peux pas faire tout ce que je veux ?”
260 _c2024.
500 _a11
690 _aChiara Pastorini
690 _aEnfant
690 _aLiberté
690 _aLois
690 _aPhilosopher avec les enfants
690 _aRéglementation
786 0 _nPhilosophie magazine | 181 | 6 | 2024-07-01 | p. 91-91 | 1951-1787
856 4 1 _uhttps://shs.cairn.info/magazine-philosophie-magazine-2024-6-page-91?lang=fr&redirect-ssocas=7080
999 _c1845587
_d1845587